Normal view
MARC view
- Iran
Entry Geographic Name
001 - CONTROL NUMBER
- control field: 8013
003 - CONTROL NUMBER IDENTIFIER
- control field: OSt
005 - DATE AND TIME OF LATEST TRANSACTION
- control field: 20170525105814.0
008 - FIXED-LENGTH DATA ELEMENTS
- fixed length control field: 170525|| aca||aabn | a|a d
040 ## - CATALOGING SOURCE
- Original cataloging agency: OSt
- Transcribing agency: OSt
151 ## - HEADING--GEOGRAPHIC NAME
- Geographic name: Iran
- General subdivision: Kings and rulers
- General subdivision: Biography
670 ## - SOURCE DATA FOUND
- Source citation: Work cat.: (OSt)0: Shawcross, William 8011, The Shah's last ride :, 1989

PORTAL AKMAL
E-MEL JKDM
AKMAL2U
G-BAM
u-PUSTAKA